Educación y formación moral (Record no. 9562)
[ view plain ]
| 000 -LEADER | |
|---|---|
| campo de control de longitud fija | 01392nmc a2200361 a 4500 |
| 003 - IDENTIFICADOR DE NÚMERO DE CONTROL | |
| campo de control | AR-BaBNM |
| 005 - FECHA Y HORA DE LA ÚLTIMA TRANSACCIÓN | |
| campo de control | 20251128204958.0 |
| 008 - DATOS DE LONGITUD FIJA--INFORMACIÓN GENERAL | |
| campo de control de longitud fija | 011101s1993 ||||||||||||||000 | spa|| |
| 040 ## - FUENTE DE CATALOGACIÓN | |
| Centro/agencia transcriptor | AR-BaBNM |
| 110 1# - ENTRADA PRINCIPAL--NOMBRE DE ENTIDAD CORPORATIVA | |
| Nombre de entidad corporativa o nombre de jurisdicción como elemento de entrada | Argentina |
| Unidad subordinada | Ministerio de Cultura y Educación |
| 245 10 - MENCIÓN DEL TÍTULO | |
| Título | Educación y formación moral |
| Resto del título | documentos de apoyo para la acción y reflexión educativa |
| 260 ## - PUBLICACIÓN, DISTRIBUCIÓN, ETC. | |
| Lugar de publicación, distribución, etc. | Buenos Aires |
| Nombre del editor, distribuidor, etc. | Ministerio de Cultura y Educación de la Nación |
| -- | Ministerio de Cultura y Educación de la Nación |
| Fecha de publicación, distribución, etc. | 1993 |
| 300 ## - DESCRIPCIÓN FÍSICA | |
| Extensión | 109 p. |
| 490 #0 - MENCIÓN DE SERIE | |
| Mención de serie | Educación y problemas sociales |
| 500 ## - NOTA GENERAL | |
| Nota general | UNICEF:Fondo de las Naciones Unidas para la Infancia |
| 500 ## - NOTA GENERAL | |
| Nota general | Anexos |
| 500 ## - NOTA GENERAL | |
| Nota general | Bases para la transformación educativa. 1991: p. 55-64 |
| 500 ## - NOTA GENERAL | |
| Nota general | Congreso pedagógico. Informe final de la Asamblea Nacional del Congreso Pedagógico. 1988: p. 65-72 |
| 500 ## - NOTA GENERAL | |
| Nota general | Convención de los derechos del niño. 1990: p. 73-102 |
| 500 ## - NOTA GENERAL | |
| Nota general | Declaración universal de derechos humanos: p. 102-109 |
| 650 #4 - PUNTO DE ACCESO ADICIONAL DE MATERIA--TÉRMINO DE MATERIA | |
| Término de materia o nombre geográfico como elemento de entrada | REFORMA DE LA EDUCACION |
| 650 #4 - PUNTO DE ACCESO ADICIONAL DE MATERIA--TÉRMINO DE MATERIA | |
| Término de materia o nombre geográfico como elemento de entrada | EDUCACION MORAL |
| 650 #4 - PUNTO DE ACCESO ADICIONAL DE MATERIA--TÉRMINO DE MATERIA | |
| Término de materia o nombre geográfico como elemento de entrada | VALORES |
| 650 #4 - PUNTO DE ACCESO ADICIONAL DE MATERIA--TÉRMINO DE MATERIA | |
| Término de materia o nombre geográfico como elemento de entrada | VALORES MORALES |
| 650 #4 - PUNTO DE ACCESO ADICIONAL DE MATERIA--TÉRMINO DE MATERIA | |
| Término de materia o nombre geográfico como elemento de entrada | FACTORES CULTURALES |
| 650 #4 - PUNTO DE ACCESO ADICIONAL DE MATERIA--TÉRMINO DE MATERIA | |
| Término de materia o nombre geográfico como elemento de entrada | RESPONSABILIDAD DE LOS PADRES |
| 651 #4 - PUNTO DE ACCESO ADICIONAL DE MATERIA--NOMBRE GEOGRÁFICO | |
| Nombre geográfico | Argentina |
| 653 ## - TÉRMINO DE INDIZACIÓN--NO CONTROLADO | |
| Término no controlado | TRANSFORMACION EDUCATIVA |
| 653 ## - TÉRMINO DE INDIZACIÓN--NO CONTROLADO | |
| Término no controlado | PROCESO DE ENSENANZA-APRENDIZAJE |
| 800 1# - PUNTO DE ACCESO ADICIONAL DE SERIE--NOMBRE DE PERSONA | |
| Nombre de persona | Balián de Tagtachian, Beatriz |
| 942 ## - ELEMENTOS DE ENTRADA SECUNDARIOS (KOHA) | |
| Tipo de ítem Koha | Libros |
| 998 ## - INFORMACIÓN DE CONTROL LOCAL (RLIN) | |
| Iniciales del catalogador, CIN (RLIN) | silvi |
| Estatus retirado | Estado de pérdida | Fuente de la clasificación o esquema de estantería | Estado de daño | No para préstamo | Biblioteca de origen | Biblioteca actual | Fecha de adquisición | Total de préstamos | Signatura topográfica completa | Código de barras | Visto por última vez | Precio de reemplazo | Tipo de ítem Koha | Restricciones de uso | Ubicación en estantería |
|---|---|---|---|---|---|---|---|---|---|---|---|---|---|---|---|
| Clasificación Decimal Dewey | Liberty | Liberty | 28/11/2025 | 37.034 EDU | 101156 | 28/11/2025 | 28/11/2025 | Libros | |||||||
| Clasificación Decimal Dewey | Liberty | Liberty | 28/11/2025 | 37.034 EDU | 060444 | 28/11/2025 | 28/11/2025 | Libros | |||||||
| Clasificación Decimal Dewey | Liberty | Liberty | 28/11/2025 | 37.034 EDU | 060427 | 28/11/2025 | 28/11/2025 | Libros | |||||||
| Clasificación Decimal Dewey | Liberty | Liberty | 28/11/2025 | 37.034 EDU | 101120 | 28/11/2025 | 28/11/2025 | Libros | |||||||
| Clasificación Decimal Dewey | Liberty | Liberty | 28/11/2025 | 37.034 EDU | 030933 | 28/11/2025 | 28/11/2025 | Libros | |||||||
| Clasificación Decimal Dewey | Liberty | Liberty | 28/11/2025 | 37.034 EDU | 030934 | 28/11/2025 | 28/11/2025 | Libros | |||||||
| Clasificación Decimal Dewey | Liberty | Liberty | 28/11/2025 | 37.034 EDU | 030935 | 28/11/2025 | 28/11/2025 | Libros | |||||||
| Clasificación Decimal Dewey | No para préstamo | Liberty | Liberty | 28/11/2025 | 37.034 EDU | 088893 | 28/11/2025 | 28/11/2025 | Libros | Acceso restringido |